000 00204 a2200097 4500
001 4141
100 _aH.M.S
245 _aExamples in electrical calculation
260 _a
_bH.M.S
_c
090 _c3358
_d3358
942 _aNUST-CAE
_cM
_c26202
999 _c239214
_d239214